La Daouhat an-Nachir de Ibn Askar sur les vertus éminentes des chaiks du Maghreb au Xe siècle / (Record no. 82513)

MARC details
000 -LEADER
campo de control de longitud fija 00644nam a2200205 i 4500
001 - NÚMERO DE CONTROL
campo de control 82513
003 - IDENTIFICADOR DE NÚMERO DE CONTROL
campo de control ES-MaACL
005 - FECHA Y HORA DE LA ÚLTIMA TRANSACCIÓN
campo de control 20230906174702.0
007 - CAMPO FIJO DE DESCRIPCIÓN FÍSICA--INFORMACIÓN GENERAL
campo de control de longitud fija t|
008 - DATOS DE LONGITUD FIJA--INFORMACIÓN GENERAL
campo de control de longitud fija 041110s1913 fr ||||1| fre d
100 1# - ENTRADA PRINCIPAL--NOMBRE DE PERSONA
Nombre de persona Ibn Askar, Muhammad b. Ali.
9 (RLIN) 65005
245 13 - MENCIÓN DEL TÍTULO
Título La Daouhat an-Nachir de Ibn Askar sur les vertus éminentes des chaiks du Maghreb au Xe siècle /
Mención de responsabilidad, etc. traduction de A. Graulle.
260 ## - PUBLICACIÓN, DISTRIBUCIÓN, ETC.
Lugar de publicación, distribución, etc. Paris :
Nombre del editor, distribuidor, etc. E. Leroux,
Fecha de publicación, distribución, etc. 1913.
300 ## - DESCRIPCIÓN FÍSICA
Extensión 342 p.
490 1# - MENCIÓN DE SERIE
Mención de serie Archives Marocaines ;
Designación de volumen o secuencia 19
700 1# - ENTRADA AGREGADA--NOMBRE PERSONAL
Nombre de persona Graulle, A.
9 (RLIN) 59764
830 0# - PUNTO DE ACCESO ADICIONAL DE SERIE-TÍTULO UNIFORME
Título uniforme Archives Marocaines ;
Designación de volumen o secuencia 19
9 (RLIN) 231595
852 ## - LOCALIZACIÓN
Ubicación ES-MaACL
Número de control de estantería 199-A
Holdings
Estatus retirado Estado de pérdida Estado de daño No para préstamo Colección Biblioteca de origen Biblioteca actual Ubicación en estantería Fecha de adquisición Fuente de adquisición Total de préstamos Signatura topográfica completa Código de barras Visto por última vez Precio de reemplazo Tipo de ítem Koha
        Colección de folletos Biblioteca del Ateneo de Madrid Biblioteca del Ateneo de Madrid Depósito folletos 17/01/2008     199-A 1086231 23/02/2023 23/02/2023 Folleto